Một số vấn đề về nội tiết học sinh sản cá

Αποθηκεύτηκε σε:
Λεπτομέρειες βιβλιογραφικής εγγραφής
Κύριος συγγραφέας: Nguyễn Tường Anh
Μορφή: Βιβλίο
Γλώσσα:Undetermined
Έκδοση: H. Nông Nghiệp 2001
Θέματα:
Ετικέτες: Προσθήκη ετικέτας
Δεν υπάρχουν, Καταχωρήστε ετικέτα πρώτοι!
Thư viện lưu trữ: Trung tâm Học liệu Trường Đại học Cần Thơ
LEADER 00584nam a2200205Ia 4500
001 CTU_58650
008 210402s9999 xx 000 0 und d
020 |b 25000 
082 |a 639.8 
082 |b A107 
100 |a Nguyễn Tường Anh 
245 0 |a Một số vấn đề về nội tiết học sinh sản cá 
245 0 |c Nguyễn Tường Anh 
260 |a H. 
260 |b Nông Nghiệp 
260 |c 2001 
650 |a fishes,fish-culture 
650 |x breeding 
904 |i Minh 
980 |a Trung tâm Học liệu Trường Đại học Cần Thơ